00792nam a2200217Ia 4500003000900000008004100009020002200050040001600072080001600088100002700104245012500131260002500256300001600281650003700297650001600334650002500350650002900375942000700404999001700411952014600428IN-BaIIA211028s9999 xx 000 0 eng d a978-81-297-0094-0 cIIA Library a530.12bHAR aHartle, James B929146 0aGravityban introduction to Einstein's general relativitycJames B. Hartle  aDelhibPearsonc2003 axxii, 582p. aAstrophysical black holes929147 aGravity967 aRelativity (Physics) aSpecial relativity96089 cBK c15821d15821 00104070aBANbBANcGENd2005-02-08eEDS g325.00l5m1o530.12/ HARp16743r2026-03-12s2026-02-04v325.00w2005-02-08yBKGRs. 325.00